| 000 | 00504nam a2200169Ia 4500 | ||
|---|---|---|---|
| 999 |
_c29532 _d29532 |
||
| 003 | OSt | ||
| 005 | 20201231125446.0 | ||
| 008 | 190216s9999||||xx |||||||||||||| ||und|| | ||
| 040 | _coclc | ||
| 082 |
_a894.812301 _bGOP/C |
||
| 100 |
_aGopalapanicker, C S _98027 |
||
| 245 | 0 |
_aC S Gopalapanickarute Kathakal / _cC S Gopalapanicker |
|
| 260 |
_bHaritham Books, _aKozhikode: _c2003. |
||
| 300 | _a48p | ||
| 650 | _aKathakal | ||
| 942 |
_cBK _2ddc _h894.812301 _iGOP/C _k894.812301 _mGOP/C |
||